Elles /

Uloženo v:
Podrobná bibliografie
Hlavní autor: Mykietyn, Pawel (Skladatel)
Další autoři: Slot, Marianne (Producent, výrobce), Byrckel, Tine (Scénárista), Englert, Michal (Fotograf), Kulig, Joanna (Herec), Binoche, Juliette (Herec), Janda, Krystyna (Herec), Marhyar, Ali (Herec), Demoustier, Anaïs (Herec), Lencquesaing, Louis-Do : de (Herec), Szumowska, Malgoska (Režisér, Scénárista)
Médium: Diplomová práce Video
Jazyk:italština
francouzština
Vydáno: [Roma] : Rai Cinema : 01 Distribution, 2013
Tagy: Přidat tag
Žádné tagy, Buďte první, kdo vytvoří štítek k tomuto záznamu!

MARC

LEADER 00000ngm a22000007i 4500
001 IT\ICCU\LO1\1477510
003 ItRI
005 20260124182857.0
008 130426s2013 it |||||||||||||||k|||||c
024 3 1 |a 8032807044767  |b Officine Ubu 
028 4 2 |a 04476  |b 01 Distribution / Rai CInema 
040 |b ita 
041 7 |a ita  |a fre  |2 ISO-639-2 
082 |a 791.43  |9 CINEMA  |2 19 
130 0 |a Elles <film ; 2011>  |3 IT\ICCU\LO1\1477511 
245 0 0 |a Elles /  |c un film di Malgoska Szumowska ; [scritto da Tine Byrckel, Malgoska Szumowska ; fotografia Michał Englert ; prodotto da Marianne Slot ; musica di Pawel Mykietyn]. 
260 |a [Roma] :  |b Rai Cinema :  |b 01 Distribution,  |c 2013 
300 |a 1 DVD-Video (98 min) :  |b color., sonoro ;  |c in contenitore, 19 cm 
500 |a Caratteristiche tecniche: regione 2; sistema e formati video: PAL; 16/9, 2.35:1; formato audio: Dolby digital 5.1; DVD 9 
500 |a Titolo del contenitore 
500 |a Produzione cinematografica: Francia/Polonia/Germania, 2011 
500 |a Lingue: italiano, francese 
500 |a Vietato ai minori di 14 anni 
502 |a Contenuti extra: Scene censurate (visione consigliata a un pubblico adulto); Trailer; Fotogallery 
511 |a Interpreti: Juliette Binoche, Anaïs Demoustier, Joanna Kulig 
700 1 |a Slot, Marianne  |0 IT\ICCU\DDSV\376554  |4 pro 
700 1 |a Byrckel, Tine  |0 IT\ICCU\LO1V\404985  |4 sce 
700 1 |a Englert, Michal  |0 IT\ICCU\LO1V\404986  |4 pht 
700 1 |a Kulig, Joanna  |0 IT\ICCU\LO1V\404987  |4 act 
700 1 |a Mykietyn, Pawel  |0 IT\ICCU\MODV\650878  |4 cmp 
700 1 |a Binoche, Juliette  |0 IT\ICCU\RAVV\089897  |4 act 
700 1 |a Janda, Krystyna  |0 IT\ICCU\RAVV\090511  |4 act 
700 1 |a Marhyar, Ali  |0 IT\ICCU\RT1V\020344  |4 act 
700 1 |a Demoustier, Anaïs  |0 IT\ICCU\UBOV\368865  |4 act 
700 1 |a Lencquesaing, Louis-Do : de  |0 IT\ICCU\UBOV\380570  |4 act 
700 1 |a Szumowska, Malgoska  |0 IT\ICCU\UBOV\430051  |4 drt 
700 1 |a Szumowska, Malgoska  |0 IT\ICCU\UBOV\430051  |4 sce 
942 |2 ddc  |c VM  |n 0 
952 |0 0  |1 0  |4 0  |6 VO_2299_000000000000000  |7 0  |9 27434  |a BO  |b BO  |d 2026-01-24  |i 18641  |l 0  |o VO 2299  |p BO18641  |r 2026-01-24 18:28:57  |w 2026-01-24  |x [Sebina 5] [1 dvd]  |y VM  |z 1 dvd 
999 |c 23234  |d 23234